| 000 | 02957cam a22003255i 4500 | ||
|---|---|---|---|
| 001 | 18759405 | ||
| 003 | OSt | ||
| 005 | 20180116192431.0 | ||
| 008 | 150825s2015 nyuae b 000 0 eng d | ||
| 010 | _a 2015472140 | ||
| 020 | _a9780714868950 (hardback) | ||
| 020 | _a0714868957 (hardback) | ||
| 035 | _a(OCoLC)ocn908200393 | ||
| 040 |
_aIMF _beng _erda _cIMF _dYDXCP _dBTCTA _dBDX _dERASA _dCDX _dIMD _dGZN _dLNT _dVZQ _dDLC |
||
| 042 | _alccopycat | ||
| 050 | 0 | 0 |
_aNA4600 _b.P35 2015 |
| 082 | 0 | 0 |
_a726.09051 _223 |
| 100 | 1 |
_aPallister, James, _eauthor. _98236 |
|
| 245 | 1 | 0 |
_aSacred spaces : _bcontemporary religious architecture / _cJames Pallister. |
| 260 |
_alondon. _bphaidon: _c2015. |
||
| 300 |
_a239 pages : _billustrations (chiefly color), plans ; _c30 cm |
||
| 504 | _aIncludes bibliographical references (page 234) and index. | ||
| 505 | 0 | _aCongregation. Cardboard Cathedral : Shigeru Ban -- Kärsämäki Shingle Church : Office for Peripheral Architecture -- Wooden church : Beton -- De La Piedra Chapel : Nómena Arquitectos + Ximena Alvarez -- Church of Seed : O Studio Architects -- Shrine of the Virgin of La Antigua : Otxotorena Arquitectos -- Clarity. Meiso No Mori Municipal Funeral Hall : Toyo Ito & Associates, architects -- Chandgaon Mosque : Kashef Chowdhury, URBANA -- St Moritz Church : John Pawson -- White Chapel : Jun Aoki & Associates -- Buddhist Meditation Centre Metta Vihara : bureau SLA -- Church of Water and Light : Itami Jun Architects -- Mass. Jewish Community Centre, Synagogue and Museum : Wandel Hoefer Lorch Architekten -- Beth Sholom Synagogue : Stanley Saitowitz, Natoma Architects -- Rituals Crematorium : +udeb arquitectos -- Dutch Reformed Church : Claus van Wageningen Architecten -- Brother Kalus Field Chapel : Peter Zumthor -- LJG Synagogue : SeARCH -- Reflection. Prayer and Meditation Pavilion : studio tamassociati -- Islamic Cemetery : Bernardo Bader Architekten -- Gubbio Cemetery : Andrea Dragoni Architetto + Francesco Pes -- Water-Moon Monastery : Kris Yao, Artech -- Ingelheim Funeral Chapel : Bayer & Strobel Architekten -- Creamatorium for GKD Charity Trust : Mancini Enterprises -- Revelation. Sunset Chapel : BNKR Arquitectura -- Pope John Paul II Hall : Randić Turato -- Chushin-Ji Temple priest's quarters : Katsuhiro Miyamoto & Associates -- Pilgrim route shelters : Luis Aldrete -- Capilla Del Retiro : Undurraga Devés Arquitectos -- Kuokkala Church : Office for Peripheral Architecture. | |
| 520 | _aSacred Spaces showcases 30 of the most breathtaking, innovative, iconic and undiscovered examples of contemporary religious architecture, including work by well known architects alongside emerging designers.-- | ||
| 650 | 0 |
_aReligious architecture. _98237 |
|
| 650 | 0 |
_aArchitecture, Modern _y21st century. _98238 |
|
| 906 |
_a7 _bcbc _ccopycat _d2 _encip _f20 _gy-gencatlg |
||
| 942 |
_2ddc _cBK |
||
| 999 |
_c354116 _d354116 |
||